| 000 | 02317nam a2200433 c 4500 | ||
|---|---|---|---|
| 001 | 60770 | ||
| 003 | CO-BoRNBP | ||
| 005 | 20260317222215.0 | ||
| 007 | ta | ||
| 008 | 200421r20122019ck a|||br||| 00|00psspa d | ||
| 020 | _a9789583006739 | ||
| 040 |
_aCO-BoRNBP _bspa _erda _cCO-BoRNBP |
||
| 041 | 0 | _aspa | |
| 043 | _as-ck--- | ||
| 084 | _aP | ||
| 100 |
_aJiménez, Olga Lucía, _d1956- _eaut _937287 |
||
| 245 | 1 | 0 |
_aRonda que ronda la ronda / _cOlga Lucía Jiménez ; ilustraciones de Jorge Moreno Fierro ; edición de Gabriel Silva Rincón. |
| 250 |
_aPrimera edición. _bDécimo cuarta reimpresión |
||
| 264 | 1 |
_aBogotá, Colombia : _bPanamericana Editorial, _c2019 |
|
| 300 |
_a142 páginas : _bilustraciones a color |
||
| 336 |
_atexto _btxt _2rdacontenido |
||
| 337 |
_asin mediación _bn _2rdamedio |
||
| 338 |
_avolumen _bnc _2rdasoporte |
||
| 490 | 0 | _aCorcel. | |
| 490 | 0 | _aLeer es mi cuento. | |
| 500 | _aEl material de la dotación PNLB 2023, corresponde a la decimocuarta reimpresión 2019 | ||
| 500 | _aIncluye glosario | ||
| 505 | 0 |
_tLa carbonerita _tDónde va mi pobre coja _tLa pájara pinta _tCorroscoscós _tTrapichito _tSaporrondó _tLos pollos de mi cazuela _tArroz con leche _tArroz con leche (segunda versión) _tAgua de limones _tSegunda parte: La ciudad, el juego y el canto _tIntroducción _tLas palmas y el juego _tGeuman y chiquita _tLos esqueletos _tCuando yo era baby _tCartas y cartas _tConga conga _tÉrase un angelito _tYo tengo un novio que se llama Leo _tMaría la mexicana _tEl rey de españa _tUna sardina _tUna sardina (segunda versión) _tA Pablo Pe _tUna paloma _tEl cuerpo femenino _tLos super-amigos _tMire comadre _tContadas _tZapatico cochinito _tCocacola-Pepsicola _tManzanita del Perú _tUn sapo cayó en un lago _tEn la casa de pinocho |
|
| 521 | 1 | _aRecomendado para un público infantil mayor de 6 años | |
| 650 | 0 | 7 |
_aRecreaciones literarias _2LEMB _963790 |
| 650 | 0 | 7 |
_aJuegos de Palabras _2LEMB _9962 |
| 650 | 0 | 7 |
_aCanciones Infantiles _2LEMB _91028 |
| 650 | 0 | 4 |
_aPoesía infantil colombiana _ySiglo XX _2LEMB _92448 |
| 650 | 0 | 4 |
_aLiteratura infantil colombiana _ySiglo XX _2LEMB _9364 |
| 700 |
_aMoreno Fierro, Jorge _eill _923337 |
||
| 700 |
_aSilva Rincón, Gabriel, _d1955 _eedt _92749 |
||
| 830 |
_aAutoridades personales de mujeres escritoras colombianas _969461 |
||
| 942 |
_2loc _cBKLITI |
||
| 999 |
_c60770 _d60770 |
||